[Event "Hastings Centenary Masters"]
[Site "Hastings"]
[Date "1995.08.20"]
[Round "1"]
[White "Arkell, Keith C"]
[Black "Dive, Russell John"]
[Result "1-0"]
[WhiteElo "2505"]
[BlackElo "2315"]
[PlyCount "127"]
[EventDate "1995.08.20"]
[EventType "swiss"]
[EventRounds "9"]
[EventCountry "ENG"]
[SourceTitle "BritBase"]
[Source "John Saunders"]
[SourceDate "2023.06.01"]
[SourceVersion "1"]
[SourceVersionDate "2023.06.01"]
[SourceQuality "1"]

1. d4 Nf6 2. Nf3 e6 3. c4 b6 4. g3 Ba6 5. b3 Bb7 6. Bg2 Bb4+ 7. Bd2 a5 8. O-O
O-O 9. Bc3 d5 10. Bb2 Nbd7 11. c5 bxc5 12. a3 cxd4 13. axb4 axb4 14. Rxa8 Qxa8
15. Bxd4 c5 16. Bxf6 Nxf6 17. Nbd2 Ba6 18. Re1 Qb8 19. Qa1 Bb5 20. Qa5 Rc8 21.
e3 h6 22. Rc1 Nd7 23. e4 Qb7 24. Ra1 c4 25. exd5 c3 26. dxe6 fxe6 27. Qxb4 cxd2
28. Nxd2 Qb8 29. Re1 Nf8 30. Ne4 Bc6 31. Qxb8 Rxb8 32. Nc5 Bd5 33. Rb1 Rb4 34.
Bxd5 exd5 35. Kf1 Kf7 36. Nd3 Rb7 37. b4 Ne6 38. Ke2 Ra7 39. Rb2 Ke7 40. Nc1
Ra3 41. Ra2 Nd4+ 42. Kd1 Rf3 43. Rd2 Nb5 44. Nd3 Kd6 45. Ke2 Nd4+ 46. Kf1 Nb3
47. Rd1 g5 48. Kg2 g4 49. h3 h5 50. Nf4 d4 51. Nxh5 Rc3 52. hxg4 d3 53. Nf4 d2
54. Kf1 Ke5 55. Ke2 Kd4 56. g5 Rc8 57. Rxd2+ Nxd2 58. Kxd2 Ke4 59. g6 Kf3 60.
b5 Rb8 61. Ne6 Kg4 62. g7 Rg8 63. b6 Kf5 64. Nc5 1-0

[Event "Hastings Centenary Masters"]
[Site "Hastings"]
[Date "1995.08.20"]
[Round "1"]
[White "Ashby, Anthony C"]
[Black "Roberts, Paul E"]
[Result "1/2-1/2"]
[WhiteElo "2090"]
[BlackElo "2215"]
[PlyCount "119"]
[EventDate "1995.08.20"]
[EventType "swiss"]
[EventRounds "9"]
[EventCountry "ENG"]
[SourceTitle "BritBase"]
[Source "John Saunders"]
[SourceDate "2023.06.01"]
[SourceVersion "1"]
[SourceVersionDate "2023.06.01"]
[SourceQuality "1"]

1. e4 c5 2. Nc3 e6 3. g3 Nc6 4. Bg2 Nf6 5. f4 d5 6. d3 dxe4 7. Nxe4 Be7 8. Nf3
Nxe4 9. dxe4 Qxd1+ 10. Kxd1 e5 11. Nxe5 Nxe5 12. fxe5 Bg4+ 13. Ke1 O-O-O 14.
Be3 Rd7 15. h3 Be6 16. b3 c4 17. Ke2 b6 18. Rad1 Rc7 19. Bf3 Bb4 20. Bd2 Bxd2
21. Rxd2 Rc5 22. Rd4 cxb3 23. cxb3 Rd8 24. Rxd8+ Kxd8 25. Kd3 Rxe5 26. g4 f6
27. Rc1 Kd7 28. Kd4 Ra5 29. Rc2 Kd6 30. Be2 Rc5 31. Rxc5 bxc5+ 32. Ke3 g5 33.
Bd3 Ke5 34. Be2 Bd7 35. a3 a5 36. Bc4 Bc6 37. Bd3 a4 38. bxa4 Bxa4 39. Bc4 h6
40. Bd3 Bb3 41. Bb5 Bc2 42. Bc6 c4 43. Kd2 Bd3 44. Kc3 Kd6 45. Bd5 Kc5 46. a4
Bf1 47. a5 Bxh3 48. a6 Kb6 49. Bxc4 Bxg4 50. Kd4 Bf3 51. e5 fxe5+ 52. Kxe5 h5
53. Kf5 h4 54. Bf1 g4 55. Kf4 Bd1 56. Bd3 g3 57. Bf1 Be2 58. Bg2 Bxa6 59. Kg4
Bb7 60. Kxh4 1/2-1/2

[Event "Hastings Centenary Masters"]
[Site "Hastings"]
[Date "1995.08.20"]
[Round "1"]
[White "Bates, Richard A"]
[Black "Adams, Michael"]
[Result "0-1"]
[WhiteElo "2345"]
[BlackElo "2660"]
[PlyCount "72"]
[EventDate "1995.08.20"]
[EventType "swiss"]
[EventRounds "9"]
[EventCountry "ENG"]
[SourceTitle "BritBase"]
[Source "John Saunders"]
[SourceDate "2023.06.01"]
[SourceVersion "1"]
[SourceVersionDate "2023.06.01"]
[SourceQuality "1"]

1. d4 Nf6 2. Nf3 c5 3. d5 b5 4. Bg5 d6 5. Bxf6 exf6 6. e4 a6 7. a4 b4 8. Bd3 g6
9. a5 Bg7 10. c3 O-O 11. O-O Nd7 12. Bc2 Rb8 13. Nbd2 f5 14. exf5 bxc3 15. bxc3
Bxc3 16. Ne4 Bxa1 17. Qxa1 gxf5 18. Nxd6 Qf6 19. Nxf5 Qxa1 20. Rxa1 Nf6 21.
Ne7+ Kg7 22. Ne5 Rb7 23. d6 Be6 24. f4 Rb2 25. Rc1 Rd8 26. f5 Ba2 27. Nd3 Rb5
28. Ra1 Bd5 29. g4 Be4 30. g5 Rxd6 31. gxf6+ Kxf6 32. Ba4 Bxd3 33. Bxb5 Bxb5
34. Re1 Rd8 35. Kf2 c4 36. Re3 c3 0-1

[Event "Hastings Centenary Masters"]
[Site "Hastings"]
[Date "1995.08.20"]
[Round "1"]
[White "Bisby, Daniel L"]
[Black "Harris, Costas"]
[Result "1-0"]
[WhiteElo "2120"]
[BlackElo "2235"]
[PlyCount "79"]
[EventDate "1995.08.20"]
[EventType "swiss"]
[EventRounds "9"]
[EventCountry "ENG"]
[SourceTitle "BritBase"]
[Source "John Saunders"]
[SourceDate "2023.06.01"]
[SourceVersion "1"]
[SourceVersionDate "2023.06.01"]
[SourceQuality "1"]

1. e4 e6 2. d4 d5 3. e5 c5 4. c3 Nc6 5. Nf3 Qb6 6. Be2 cxd4 7. cxd4 Nge7 8. Nc3
Nf5 9. Na4 Bb4+ 10. Bd2 Qa5 11. Bc3 Bxc3+ 12. Nxc3 Bd7 13. O-O a6 14. Qd2 Rc8
15. Kh1 Qb4 16. Rad1 Na5 17. g4 Nh6 18. Ne4 Qxd2 19. Nd6+ Kf8 20. Rxd2 Rc7 21.
Ne1 Ke7 22. g5 Ng8 23. Ng2 g6 24. Ne3 f5 25. b4 Nc6 26. b5 axb5 27. Nxb5 Rc8
28. Nd6 Rc7 29. Bf3 Kf8 30. Bxd5 exd5 31. Nxd5 Rc8 32. Nxc8 Bxc8 33. Nb6 Na7
34. d5 Ke8 35. Nxc8 Nxc8 36. d6 Nxd6 37. exd6 Kd7 38. Rc1 Ne7 39. Rc7+ Kd8 40.
Rxe7 1-0

[Event "Hastings Centenary Masters"]
[Site "Hastings"]
[Date "1995.08.20"]
[Round "1"]
[White "Connell, Blair N"]
[Black "Poldauf, Dirk"]
[Result "0-1"]
[WhiteElo "2270"]
[BlackElo "2415"]
[PlyCount "68"]
[EventDate "1995.08.20"]
[EventType "swiss"]
[EventRounds "9"]
[EventCountry "ENG"]
[SourceTitle "BritBase"]
[Source "John Saunders"]
[SourceDate "2023.06.01"]
[SourceVersion "1"]
[SourceVersionDate "2023.06.01"]
[SourceQuality "1"]

1. e4 e6 2. d4 d5 3. e5 c5 4. c3 Nc6 5. Nf3 Nge7 6. Bd3 cxd4 7. cxd4 Nf5 8.
Bxf5 exf5 9. Nc3 Be6 10. h4 h6 11. Ne2 g6 12. Qb3 Qd7 13. Bd2 O-O-O 14. Rc1 Kb8
15. Nf4 Be7 16. Nd3 g5 17. Bb4 Nxb4 18. Nxb4 Rc8 19. Rc3 Rc4 20. Nc2 Rhc8 21.
hxg5 hxg5 22. Nd2 f4 23. Rh6 g4 24. f3 Rxc3 25. bxc3 Qc7 26. Nb1 gxf3 27. gxf3
Rg8 28. Kf2 Qd8 29. Rh2 Bh4+ 30. Ke2 Qg5 31. Kd2 Qg3 32. Re2 Qxf3 33. c4 Qxb3
34. axb3 f3 0-1

[Event "Hastings Centenary Masters"]
[Site "Hastings"]
[Date "1995.08.20"]
[Round "1"]
[White "Duncan, Christopher R"]
[Black "Howell, James C"]
[Result "1/2-1/2"]
[WhiteElo "2315"]
[BlackElo "2525"]
[PlyCount "57"]
[EventDate "1995.08.20"]
[EventType "swiss"]
[EventRounds "9"]
[EventCountry "ENG"]
[SourceTitle "BritBase"]
[Source "John Saunders"]
[SourceDate "2023.06.01"]
[SourceVersion "1"]
[SourceVersionDate "2023.06.01"]
[SourceQuality "1"]

1. c4 g6 2. g3 Bg7 3. Bg2 e5 4. Nc3 d6 5. e3 f5 6. d3 Nf6 7. Nge2 O-O 8. O-O
Nc6 9. Rb1 Be6 10. Bd2 Bf7 11. Nd5 Nxd5 12. cxd5 Ne7 13. Nc3 g5 14. f4 gxf4 15.
exf4 Qd7 16. Qf3 Rae8 17. Bh3 exf4 18. Bxf4 Bxc3 19. bxc3 Bxd5 20. Qh5 Bxa2 21.
Rxb7 Bd5 22. Rxa7 Ba8 23. Bh6 Rf7 24. Ra2 Qc6 25. Bg2 Qb6+ 26. Raf2 Bxg2 27.
Kxg2 Qc6+ 28. Kh3 Qd7 29. g4 1/2-1/2

[Event "Hastings Centenary Masters"]
[Site "Hastings"]
[Date "1995.08.20"]
[Round "1"]
[White "Dunnington, Angus J"]
[Black "Wall, Gavin"]
[Result "1-0"]
[WhiteElo "2385"]
[BlackElo "2265"]
[PlyCount "79"]
[EventDate "1995.08.20"]
[EventType "swiss"]
[EventRounds "9"]
[EventCountry "ENG"]
[SourceTitle "BritBase"]
[Source "John Saunders"]
[SourceDate "2023.06.01"]
[SourceVersion "1"]
[SourceVersionDate "2023.06.01"]
[SourceQuality "1"]

1. d4 f5 2. Bg5 g6 3. Nc3 Nh6 4. Nf3 Nf7 5. Bf4 Bg7 6. h4 c6 7. Qd2 d6 8. e4 e5
9. dxe5 dxe5 10. Qxd8+ Kxd8 11. Ng5 Nd6 12. Be3 h6 13. O-O-O Ke7 14. Rxd6 Kxd6
15. Nf7+ Ke7 16. Nxh8 Bxh8 17. Bxh6 Bf6 18. Bd3 f4 19. g3 fxg3 20. fxg3 Be6 21.
Be3 Nd7 22. Be2 Rh8 23. Nd1 b6 24. Nf2 Nf8 25. Ng4 Bxg4 26. Bxg4 Ne6 27. Rd1
Rf8 28. c3 Rb8 29. Kc2 Rb7 30. b4 Rc7 31. a4 c5 32. b5 Nd8 33. Rh1 Kf8 34. Rd1
Ke7 35. Rh1 Kf8 36. Rf1 Rf7 37. h5 Kg7 38. hxg6 Kxg6 39. Bf5+ Kg7 40. g4 1-0

[Event "Hastings Centenary Masters"]
[Site "Hastings"]
[Date "1995.08.20"]
[Round "1"]
[White "Ferguson, Mark"]
[Black "Menadue, Jeremy FS"]
[Result "1-0"]
[WhiteElo "2360"]
[BlackElo "2255"]
[PlyCount "91"]
[EventDate "1995.08.20"]
[EventType "swiss"]
[EventRounds "9"]
[EventCountry "ENG"]
[SourceTitle "BritBase"]
[Source "John Saunders"]
[SourceDate "2023.06.01"]
[SourceVersion "1"]
[SourceVersionDate "2023.06.01"]
[SourceQuality "1"]

1. e4 Nf6 2. e5 Nd5 3. d4 d6 4. Nf3 Bg4 5. Be2 e6 6. O-O Be7 7. Re1 O-O 8. b3
Nc6 9. c4 Nb6 10. h3 Bxf3 11. Bxf3 dxe5 12. Bxc6 bxc6 13. dxe5 Qxd1 14. Rxd1
Rfd8 15. Nc3 Bc5 16. Bb2 Bd4 17. Na4 Bxb2 18. Nxb2 a5 19. Rxd8+ Rxd8 20. Rd1
Rxd1+ 21. Nxd1 a4 22. Nb2 axb3 23. axb3 Kf8 24. f4 Ke7 25. Kf2 c5 26. Ke3 Kd7
27. g4 g6 28. Nd3 Kc6 29. Nf2 h6 30. h4 Nd7 31. h5 gxh5 32. gxh5 f5 33. Nh3 Nf8
34. Ng1 Kd7 35. Nf3 Ke7 36. Ne1 Kd7 37. Kd2 Kc6 38. Kc3 Kd7 39. Nf3 Ke7 40. b4
cxb4+ 41. Kxb4 Nd7 42. c5 Nb8 43. Kb5 Ke8 44. c6 Kd8 45. Nd4 Ke7 46. Nb3 1-0

[Event "Hastings Centenary Masters"]
[Site "Hastings"]
[Date "1995.08.20"]
[Round "1"]
[White "Jain, Naveen"]
[Black "Ward, Christopher G"]
[Result "0-1"]
[WhiteElo "2265"]
[BlackElo "2500"]
[PlyCount "68"]
[EventDate "1995.08.20"]
[EventType "swiss"]
[EventRounds "9"]
[EventCountry "ENG"]
[SourceTitle "BritBase"]
[Source "John Saunders"]
[SourceDate "2023.06.01"]
[SourceVersion "1"]
[SourceVersionDate "2023.06.01"]
[SourceQuality "1"]

1. e4 c5 2. Nf3 d6 3. d4 cxd4 4. Qxd4 a6 5. c4 Nc6 6. Qd3 g6 7. Nc3 Bg7 8. Be3
Nf6 9. h3 Be6 10. Be2 Rc8 11. Nd5 Nd7 12. O-O O-O 13. Rac1 Bxb2 14. Rb1 Bg7 15.
Rxb7 Na5 16. Rb4 Nc5 17. Bxc5 dxc5 18. Rbb1 Nc6 19. Qa3 Nd4 20. Nxd4 Bxd4 21.
Nb6 Rc6 22. Qxa6 Qd6 23. Qa7 Bxh3 24. Bf3 Rc7 25. Qa5 Be6 26. Nd5 Rd7 27. Rb6
Qe5 28. Qb5 g5 29. Rd1 g4 30. Rxd4 Qxd4 31. Rxe6 g3 32. Qb1 Qxf2+ 33. Kh1 fxe6
34. Nc3 Rxf3 0-1

[Event "Hastings Centenary Masters"]
[Site "Hastings"]
[Date "1995.08.20"]
[Round "1"]
[White "Kennaugh, Charles W"]
[Black "Conquest, Stuart C"]
[Result "1/2-1/2"]
[WhiteElo "2310"]
[BlackElo "2455"]
[PlyCount "83"]
[EventDate "1995.08.20"]
[EventType "swiss"]
[EventRounds "9"]
[EventCountry "ENG"]
[SourceTitle "BritBase"]
[Source "John Saunders"]
[SourceDate "2023.06.01"]
[SourceVersion "1"]
[SourceVersionDate "2023.06.01"]
[SourceQuality "1"]

1. e4 c5 2. Nf3 e6 3. g3 Nf6 4. e5 Nd5 5. Nc3 Nxc3 6. dxc3 d5 7. h4 b6 8. h5 h6
9. Bf4 Ba6 10. Qd2 Bxf1 11. Kxf1 Nc6 12. Rh4 Qd7 13. Rd1 O-O-O 14. Qe2 Qb7 15.
Rg4 Ne7 16. Kg1 g5 17. hxg6 fxg6 18. Bd2 Bg7 19. Rf4 Nc6 20. Re1 g5 21. Rg4
Rhf8 22. b4 Rf5 23. bxc5 Rdf8 24. Nd4 Rxf2 25. Qb5 Nxd4 26. Rxd4 a6 27. Qxb6
Qxb6 28. cxb6 Kb7 29. c4 Bxe5 30. Rxe5 Rf1+ 31. Kg2 R8f2+ 32. Kh3 h5 33. Re1
Rxd2 34. Rxd2 Rxe1 35. cxd5 exd5 36. Rxd5 g4+ 37. Kh4 Rh1+ 38. Kg5 Kxb6 39.
Rd6+ Kb5 40. Rh6 Rh2 41. Rxh5 Rxc2 42. Kxg4+ 1/2-1/2

[Event "Hastings Centenary Masters"]
[Site "Hastings"]
[Date "1995.08.20"]
[Round "1"]
[White "Malaniuk, Vladimir P"]
[Black "Britton, Richard L"]
[Result "1-0"]
[WhiteElo "2580"]
[BlackElo "2320"]
[PlyCount "107"]
[EventDate "1995.08.20"]
[EventType "swiss"]
[EventRounds "9"]
[EventCountry "ENG"]
[SourceTitle "BritBase"]
[Source "John Saunders"]
[SourceDate "2023.06.01"]
[SourceVersion "1"]
[SourceVersionDate "2023.06.01"]
[SourceQuality "1"]

1. d4 Nf6 2. Nf3 g6 3. c3 Bg7 4. Bg5 O-O 5. Nbd2 d5 6. e3 b6 7. a4 a5 8. Be2
Ba6 9. O-O Nbd7 10. Bb5 Qc8 11. Re1 Bb7 12. h3 e6 13. Rc1 Re8 14. c4 c6 15.
cxd5 exd5 16. Qb3 Re6 17. Bd3 Ne4 18. Bf4 h6 19. Bxe4 dxe4 20. d5 Re8 21. dxc6
Bxc6 22. Nd4 Bxd4 23. exd4 g5 24. Qg3 Kh7 25. d5 Ne5 26. dxc6 gxf4 27. Qxf4 f5
28. Nc4 Nd3 29. Qe3 f4 30. Qd4 Nxe1 31. Nd6 Nf3+ 32. gxf3 Qd8 33. Kh2 Re6 34.
Nf5 Qxd4 35. Nxd4 Re5 36. fxe4 Rxe4 37. Nb5 Rxa4 38. c7 Rb4 39. Nd6 Rxb2 40.
Kg2 a4 41. c8=Q Rxc8 42. Rxc8 a3 43. Ra8 a2 44. Nc4 Rb4 45. Ra7+ Kg8 46. Nd2
Rb2 47. Ne4 Rc2 48. Nf6+ Kf8 49. Nd5 f3+ 50. Kg3 Rb2 51. Nc3 b5 52. Rxa2 Rb3
53. Nd5 Kf7 54. Ra6 1-0

[Event "Hastings Centenary Masters"]
[Site "Hastings"]
[Date "1995.08.20"]
[Round "1"]
[White "McDonald, Neil R"]
[Black "Briggs, Philip J"]
[Result "1-0"]
[WhiteElo "2425"]
[BlackElo "2280"]
[PlyCount "95"]
[EventDate "1995.08.20"]
[EventType "swiss"]
[EventRounds "9"]
[EventCountry "ENG"]
[SourceTitle "BritBase"]
[Source "John Saunders"]
[SourceDate "2023.06.01"]
[SourceVersion "1"]
[SourceVersionDate "2023.06.01"]
[SourceQuality "1"]

1. e4 e5 2. Nf3 Nf6 3. Nxe5 d6 4. Nf3 Nxe4 5. Qe2 Qe7 6. d3 Nf6 7. Bg5 Be6 8.
d4 Nbd7 9. Nc3 h6 10. Bh4 g5 11. Bg3 Nd5 12. Nxd5 Bxd5 13. O-O-O O-O-O 14. Qb5
c6 15. Qa5 f5 16. h4 f4 17. Bh2 Kb8 18. Nd2 Bg7 19. Nb3 Qf6 20. f3 Nb6 21. Bg1
Rhe8 22. hxg5 hxg5 23. Nd2 c5 24. Rh7 cxd4 25. Bd3 g4 26. Ne4 Bxe4 27. Bxe4
Rxe4 28. fxe4 d3 29. c3 f3 30. Bxb6 axb6 31. Qxb6 Rd7 32. gxf3 Bh6+ 33. Rxh6
Qxh6+ 34. Kb1 gxf3 35. Qb5 Qh2 36. Qxd3 f2 37. Qf3 Qg1 38. Kc2 Rg7 39. a4 Rg2
40. Kb3 f1=Q 41. Qxf1 Qb6+ 42. Qb5 Qf2 43. Ka2 Qc2 44. Rxd6 Qxe4 45. Rd8+ Kc7
46. Qd7+ Kb6 47. Qd6+ Qc6 48. a5+ 1-0

[Event "Hastings Centenary Masters"]
[Site "Hastings"]
[Date "1995.08.20"]
[Round "1"]
[White "Mellier, Pierre"]
[Black "Van Zyil Smit, Konrad"]
[Result "1/2-1/2"]
[WhiteElo "2210"]
[BlackElo "2100"]
[PlyCount "105"]
[EventDate "1995.08.20"]
[EventType "swiss"]
[EventRounds "9"]
[EventCountry "ENG"]
[SourceTitle "BritBase"]
[Source "John Saunders"]
[SourceDate "2023.06.01"]
[SourceVersion "1"]
[SourceVersionDate "2023.06.01"]
[SourceQuality "1"]

1. e4 e5 2. Nf3 Nc6 3. Bc4 Nf6 4. d3 h6 5. Nbd2 d6 6. c3 g6 7. Bb3 Bg7 8. O-O
O-O 9. Re1 Kh7 10. Nf1 Nh5 11. Ng3 Nxg3 12. hxg3 Bg4 13. Qc2 Na5 14. Be3 Qe7
15. Ba4 Nc6 16. Nh4 Bd7 17. Kh2 f5 18. exf5 gxf5 19. Nf3 Qf7 20. Rh1 f4 21.
gxf4 exf4 22. Bb3 d5 23. Kg1 Kg8 24. Bc5 Rfe8 25. c4 d4 26. Qd2 b6 27. Ba3 Na5
28. Bc2 Nb7 29. Re1 Bg4 30. Re4 Rxe4 31. dxe4 c5 32. b3 Bxf3 33. gxf3 Be5 34.
Kf1 Kh7 35. Bc1 Qe6 36. Ke2 Rg8 37. Qd1 a6 38. Rh5 b5 39. cxb5 axb5 40. Qh1 c4
41. bxc4 bxc4 42. Kf1 d3 43. Bd1 c3 44. Bb3 d2 45. Bxd2 cxd2 46. Ke2 Qa6+ 47.
Kd1 Rc8 48. Qh3 Rc1+ 49. Kxd2 Qa5+ 50. Kxc1 Qc3+ 51. Kd1 Qd3+ 52. Kc1 Qc3+ 53.
Kd1 1/2-1/2

[Event "Hastings Centenary Masters"]
[Site "Hastings"]
[Date "1995.08.20"]
[Round "1"]
[White "O'Brien, Richard W"]
[Black "Chakraborty, Kumardip"]
[Result "1-0"]
[WhiteElo "2100"]
[BlackElo "1641"]
[PlyCount "104"]
[EventDate "1995.08.20"]
[EventType "swiss"]
[EventRounds "9"]
[EventCountry "ENG"]
[SourceTitle "BritBase"]
[Source "John Saunders"]
[SourceDate "2023.06.01"]
[SourceVersion "1"]
[SourceVersionDate "2023.06.01"]
[SourceQuality "1"]

1. d4 Nf6 2. Nf3 g6 3. g3 Bg7 4. Bg2 O-O 5. O-O d6 6. Nbd2 Nbd7 7. c3 c5 8.
dxc5 Nxc5 9. Nb3 Bd7 10. Be3 Qc7 11. Qc1 Rac8 12. Nxc5 dxc5 13. Bf4 Qb6 14. Ne5
Rfd8 15. Nxd7 Nxd7 16. Qc2 Ne5 17. Rab1 Nc6 18. Be3 Nd4 19. Bxd4 cxd4 20. Qe4
e5 21. Qxb7 Qxb7 22. Bxb7 Rc7 23. Bg2 dxc3 24. bxc3 Rxc3 25. Rfc1 Rxc1+ 26.
Rxc1 Rd2 27. e3 Rxa2 28. Bd5 Rd2 29. e4 h6 30. Rc7 a5 31. Ra7 Rd1+ 32. Kg2 Ra1
33. Bxf7+ Kh7 34. h4 a4 35. Be6 a3 36. Bd5 a2 37. Bxa2 h5 38. Bg8+ Kxg8 39.
Rxa1 Kh7 40. Ra6 Bh8 41. Kf3 Bg7 42. Ke2 Bf8 43. Re6 Bg7 44. Kd3 Kh6 45. Kc4
Kh7 46. Kd5 Bh8 47. Kd6 Bg7 48. Ke7 Bh8 49. Kf7 Bg7 50. Rxg6 Bf8 51. Rg5 Bg7
52. Rxh5+ Bh6 1-0

[Event "Hastings Centenary Masters"]
[Site "Hastings"]
[Date "1995.08.20"]
[Round "1"]
[White "Parker, Jonathan"]
[Black "Radovanovic, Jovica"]
[Result "1-0"]
[WhiteElo "2415"]
[BlackElo "2280"]
[PlyCount "79"]
[EventDate "1995.08.20"]
[EventType "swiss"]
[EventRounds "9"]
[EventCountry "ENG"]
[SourceTitle "BritBase"]
[Source "John Saunders"]
[SourceDate "2023.06.01"]
[SourceVersion "1"]
[SourceVersionDate "2023.06.01"]
[SourceQuality "1"]

1. d4 Nf6 2. c4 g6 3. Nc3 Bg7 4. e4 O-O 5. h3 d6 6. Bg5 Nbd7 7. Bd3 a6 8. Nf3
c5 9. d5 b5 10. O-O Rb8 11. Qc2 Ne8 12. Rfe1 Nc7 13. a4 bxc4 14. Bxc4 a5 15.
Rad1 Ba6 16. Ba2 Re8 17. e5 f6 18. exd6 exd6 19. Bf4 Ne5 20. Bxe5 fxe5 21. Ne4
Kh8 22. Nfg5 Rf8 23. Ne6 Nxe6 24. dxe6 Rb6 25. Qd2 c4 26. Qxa5 Qb8 27. Rd2 Re8
28. Qc3 Rxe6 29. Bxc4 Re8 30. Bxa6 Rxa6 31. a5 Bf8 32. Qc4 Rxa5 33. Nf6 Bh6 34.
Nxe8 Bxd2 35. Qf7 Bh6 36. Qf6+ Kg8 37. Qe6+ Kh8 38. Qf6+ Kg8 39. Qe6+ Kh8 40.
Nxd6 1-0

[Event "Hastings Centenary Masters"]
[Site "Hastings"]
[Date "1995.08.20"]
[Round "1"]
[White "Rashkovsky, Nukhim N"]
[Black "Lewis, Andrew P"]
[Result "1-0"]
[WhiteElo "2560"]
[BlackElo "2335"]
[PlyCount "43"]
[EventDate "1995.08.20"]
[EventType "swiss"]
[EventRounds "9"]
[EventCountry "ENG"]
[SourceTitle "BritBase"]
[Source "John Saunders"]
[SourceDate "2023.06.01"]
[SourceVersion "1"]
[SourceVersionDate "2023.06.01"]
[SourceQuality "1"]

1. d4 Nf6 2. Nf3 g6 3. g3 Bg7 4. Bg2 O-O 5. O-O d6 6. a4 a5 7. Nc3 c6 8. e4
Nbd7 9. e5 Ne8 10. Qe2 Nc7 11. Rd1 Nb6 12. Ne4 Bf5 13. b3 Bxe4 14. Qxe4 d5 15.
Qe2 f5 16. c4 e6 17. Bg5 Qe8 18. c5 Nd7 19. Qe1 Ra7 20. Qd2 Rf7 21. Rab1 Qa8
22. h4 1-0

[Event "Hastings Centenary Masters"]
[Site "Hastings"]
[Date "1995.08.20"]
[Round "1"]
[White "Tebb, David J"]
[Black "Kumaran, Dharshan"]
[Result "1/2-1/2"]
[WhiteElo "2315"]
[BlackElo "2500"]
[PlyCount "84"]
[EventDate "1995.08.20"]
[EventType "swiss"]
[EventRounds "9"]
[EventCountry "ENG"]
[SourceTitle "BritBase"]
[Source "John Saunders"]
[SourceDate "2023.06.01"]
[SourceVersion "1"]
[SourceVersionDate "2023.06.01"]
[SourceQuality "1"]

1. e4 c6 2. d4 d5 3. e5 Bf5 4. Nc3 e6 5. g4 Bg6 6. Nge2 Ne7 7. Nf4 c5 8. h4
cxd4 9. Nb5 Nec6 10. h5 Be4 11. f3 Bxf3 12. Qxf3 Nxe5 13. Qg3 Nbc6 14. Nd3
Nxd3+ 15. Bxd3 e5 16. O-O Be7 17. g5 g6 18. Qh3 Qc8 19. Qf3 O-O 20. Qxd5 a6 21.
Na3 Qg4+ 22. Qg2 Qxh5 23. Bd2 h6 24. Rf3 Bxg5 25. Rh3 Qxh3 26. Qxh3 Bxd2 27.
Nc4 Bf4 28. Re1 b5 29. Nb6 Ra7 30. Nd7 Rd8 31. Nc5 Nb4 32. Be4 Rc7 33. Ne6 fxe6
34. Qxe6+ Kh7 35. a3 Nxc2 36. Bxc2 d3 37. Qb6 Rcd7 38. Bb3 d2 39. Rd1 Rd6 40.
Qc5 h5 41. Kf2 Kh6 42. Ke2 Rd3 1/2-1/2

[Event "Hastings Centenary Masters"]
[Site "Hastings"]
[Date "1995.08.20"]
[Round "1"]
[White "Trifunovic, Aleksandar"]
[Black "Mayers, Dan E"]
[Result "1-0"]
[WhiteElo "2230"]
[BlackElo "2100"]
[PlyCount "81"]
[EventDate "1995.08.20"]
[EventType "swiss"]
[EventRounds "9"]
[EventCountry "ENG"]
[SourceTitle "BritBase"]
[Source "John Saunders"]
[SourceDate "2023.06.01"]
[SourceVersion "1"]
[SourceVersionDate "2023.06.01"]
[SourceQuality "1"]

1. d4 e6 2. c4 f5 3. g3 Nf6 4. Bg2 g6 5. Nc3 Bg7 6. Nf3 O-O 7. d5 Qe7 8. Bf4
Qc5 9. O-O Qxc4 10. Nd2 Qc5 11. Nb3 Qe7 12. d6 Qf7 13. dxc7 Nc6 14. Bd6 Re8 15.
Nd2 Bf8 16. Nc4 e5 17. Qa4 a5 18. Rfd1 e4 19. f3 Kg7 20. fxe4 fxe4 21. Rf1 Qe6
22. Rad1 Ra6 23. Bxf8+ Rxf8 24. Rd6 Qe7 25. Rfxf6 Rxf6 26. Nd5 Qf8 27. Nxf6 b5
28. Qxb5 Nd4 29. Rxd4 Rxf6 30. Rxd7+ Bxd7 31. Qxd7+ Rf7 32. Qxf7+ Qxf7 33. c8=Q
Qa7+ 34. e3 Qe7 35. Qc6 Qb4 36. Qxe4 Qe1+ 37. Bf1 a4 38. Nd6 Qc1 39. h4 Qxb2
40. Qe7+ Kh6 41. Nf5+ 1-0

[Event "Hastings Centenary Masters"]
[Site "Hastings"]
[Date "1995.08.20"]
[Round "1"]
[White "Turner, Matthew"]
[Black "James, David J"]
[Result "1/2-1/2"]
[WhiteElo "2400"]
[BlackElo "2270"]
[PlyCount "28"]
[EventDate "1995.08.20"]
[EventType "swiss"]
[EventRounds "9"]
[EventCountry "ENG"]
[SourceTitle "BritBase"]
[Source "John Saunders"]
[SourceDate "2023.06.01"]
[SourceVersion "1"]
[SourceVersionDate "2023.06.01"]
[SourceQuality "1"]

1. e4 c5 2. g3 Nc6 3. Bg2 e6 4. Ne2 d6 5. O-O Nge7 6. b3 g6 7. Bb2 e5 8. Nbc3
Bg7 9. Nd5 O-O 10. f4 Nxd5 11. exd5 Nd4 12. Nxd4 exd4 13. c3 dxc3 14. dxc3 Re8
1/2-1/2

[Event "Hastings Centenary Masters"]
[Site "Hastings"]
[Date "1995.08.20"]
[Round "1"]
[White "Williams, Simon Kim"]
[Black "Buckley, Graeme N"]
[Result "1-0"]
[WhiteElo "2250"]
[BlackElo "2355"]
[PlyCount "53"]
[EventDate "1995.08.20"]
[EventType "swiss"]
[EventRounds "9"]
[EventCountry "ENG"]
[SourceTitle "BritBase"]
[Source "John Saunders"]
[SourceDate "2023.06.01"]
[SourceVersion "1"]
[SourceVersionDate "2023.06.01"]
[SourceQuality "1"]

1. c4 g6 2. Nc3 Bg7 3. g3 d6 4. Bg2 e5 5. e4 Nh6 6. d3 O-O 7. h4 f5 8. Bg5 Qd7
9. Nd5 Nc6 10. h5 Ng4 11. f3 Nf6 12. hxg6 hxg6 13. Bxf6 Bxf6 14. exf5 Qxf5 15.
Ne2 Bg5 16. f4 Bd8 17. Qd2 Nd4 18. O-O-O c6 19. Be4 Qg4 20. Nxd4 exd4 21. Qh2
Qh5 22. Qg2 Qg4 23. Qh2 Qh5 24. Qf2 Qe5 25. Rh6 Bf5 26. Bxf5 Qxf5 27. Qxd4 1-0

[Event "Hastings Centenary Masters"]
[Site "Hastings"]
[Date "1995.08.20"]
[Round "1"]
[White "Wilson, Jonathan G"]
[Black "Pickersgill, Adrian O"]
[Result "1-0"]
[WhiteElo "2245"]
[BlackElo "2105"]
[PlyCount "51"]
[EventDate "1995.08.20"]
[EventType "swiss"]
[EventRounds "9"]
[EventCountry "ENG"]
[SourceTitle "BritBase"]
[Source "John Saunders"]
[SourceDate "2023.06.01"]
[SourceVersion "1"]
[SourceVersionDate "2023.06.01"]
[SourceQuality "1"]

1. d4 Nf6 2. c4 e6 3. Nc3 Bb4 4. e3 O-O 5. Bd3 d5 6. cxd5 exd5 7. Nge2 c5 8. a3
Bxc3+ 9. bxc3 b6 10. O-O Bb7 11. f3 Re8 12. Ng3 Nbd7 13. Re1 Qc7 14. Ra2 Rad8
15. e4 dxe4 16. fxe4 h6 17. e5 Nd5 18. Nf5 Nf8 19. Rf2 cxd4 20. cxd4 Re6 21.
Ref1 Ng6 22. Bxh6 gxh6 23. Nxh6+ Kg7 24. Rxf7+ Kxh6 25. Rxc7 Nxc7 26. Qc1+ 1-0